Teste rápido de matemática - x 3 - Teste curto de matemática - Quiz 17 - Statistics

Estatísticas Gerais
  • Esse quiz foi jogado 57 vezes
  • A pontuação média é 16 de 20
Estatísticas das Respostas
X 3 Resposta % Correto
43 129
100%
133 399
100%
57 171
97%
96 288
95%
90 270
92%
15 45
92%
83 249
89%
89 267
87%
12 36
87%
17 51
87%
201 603
84%
325 975
82%
167 501
79%
134 402
74%
157 471
66%
177 531
63%
189 567
63%
266 798
61%
289 867
53%
389 1167
47%
Nenhum quiz correspondente encontrado
Distribuição das Pontuações
Porcentagem de Pessoas com Cada Pontuação
Percentil de Números Respondidos
Sua Pontuação Histórica
Você não jogou esse quiz